[Event "Treviso TWE op-B 31st"]
[Site "Treviso"]
[Date "2007.12.07"]
[Round "1.2"]
[White "Pichierri, Gianmatteo"]
[Black "Zangrando, Gianpietro"]
[Result "0-1"]
[WhiteElo "1569"]
[BlackElo "1837"]
[PlyCount "42"]
[EventDate "2007.12.07"]
[EventType "swiss"]
[EventRounds "5"]
[EventCountry "ITA"]
[SourceTitle "EXT 2024"]
[Source "ChessBase"]
[SourceDate "2023.10.10"]
[SourceVersion "1"]
[SourceVersionDate "2023.10.10"]
[SourceQuality "1"]

1. e4 e6 2. d4 d5 3. exd5 exd5 4. Bd3 Nc6 5. Nf3 Bg4 6. c3 Bd6 7. 0-0 Nge7 8. Be3 Qd7 9. Nbd2 0-0 10. Qc2 Bf5 11. Nh4 Bxd3 12. Qxd3 Qg4 13. Ndf3 f5 14. h3 Qh5 15. g3 h6 16. Bf4 Bxf4 17. gxf4 g5 18. fxg5 hxg5 19. Ng2 Qxh3 20. Qd2 Qxf3 21. Qxg5+ Kf7 0-1

[Event "Bassano del Grappa op 5th"]
[Site "Bassano del Grappa"]
[Date "2005.12.26"]
[Round "1"]
[White "Pichierri, Gianmatteo"]
[Black "Valsecchi, Alessio"]
[Result "0-1"]
[WhiteElo "1539"]
[BlackElo "1965"]
[PlyCount "76"]
[EventDate "2005.12.26"]
[EventType "swiss"]
[EventRounds "5"]
[EventCountry "ITA"]
[SourceTitle "EXT 2007"]
[Source "ChessBase"]
[SourceDate "2006.11.23"]
[SourceVersion "1"]
[SourceVersionDate "2006.11.23"]
[SourceQuality "1"]

1. e4 c5 2. Nf3 d6 3. d4 cxd4 4. Nxd4 Nf6 5. Nc3 g6 6. Bg5 Bg7 7. Qd2 0-0 8. Bh6 Bxh6 9. Qxh6 Nc6 10. Nb3 Be6 11. Qd2 a6 12. Nd4 Nxd4 13. Qxd4 Rc8 14. Be2 b5 15. 0-0 Bc4 16. Qd2 b4 17. Bxc4 Rxc4 18. Qd3 Qc7 19. Nd5 Nxd5 20. exd5 a5 21. Rac1 Rc8 22. c3 bxc3 23. bxc3 Rxc3 24. Rxc3 Qxc3 25. Qe2 Rc7 26. f4 Qd4+ 27. Qf2 Qxf2+ 28. Rxf2 Rc1+ 29. Rf1 Rc4 30. f5 Rd4 31. fxg6 hxg6 32. Re1 Kf8 33. Re2 Rxd5 34. Kf2 e6 35. Rb2 Ke7 36. Ke3 e5 37. Rb8 Rd4 38. Ra8 Ra4 0-1

[Event "Padova op 8th"]
[Site "Padova"]
[Date "2005.12.17"]
[Round "8"]
[White "Belloni, Umberto"]
[Black "Pichierri, Gianmatteo"]
[Result "0-1"]
[WhiteElo "1910"]
[BlackElo "1539"]
[PlyCount "84"]
[EventDate "2005.12.10"]
[EventType "swiss"]
[EventRounds "9"]
[EventCountry "ITA"]
[SourceTitle "EXT 2008"]
[Source "ChessBase"]
[SourceDate "2007.11.25"]
[SourceVersion "1"]
[SourceVersionDate "2007.11.25"]
[SourceQuality "1"]

1. d4 d5 2. c3 Nf6 3. Bg5 Ne4 4. Bh4 Bf5 5. Nd2 Nd7 6. Ngf3 Ndf6 7. e3 e6 8. Nxe4 Bxe4 9. Ne5 Be7 10. Be2 0-0 11. 0-0 Nd7 12. Bg3 Nxe5 13. Bxe5 Bd6 14. Bg3 Bxg3 15. hxg3 Qe7 16. Rc1 c5 17. Qa4 c4 18. a3 a5 19. Qd1 h6 20. f3 Bg6 21. Kf2 b5 22. Qd2 Rfb8 23. Bd1 b4 24. a4 bxc3 25. Qxc3 Qb4 26. b3 cxb3 27. Qb2 Qxa4 28. Kg1 Qb4 29. Ra1 a4 30. Ra3 Rc8 31. Kh2 Qc3 32. Rf2 Qxb2 33. Rxb2 Kf8 34. g4 Ke7 35. Kg3 Bd3 36. Kf2 Kd7 37. Ke1 Kc6 38. Kd2 Bg6 39. Be2 Kb6 40. Bd1 Kb5 41. Ra1 Kb4 42. Raa2 Rc3 0-1

[Event "Padova op 8th"]
[Site "Padova"]
[Date "2005.12.10"]
[Round "1"]
[White "Diotallevi, Maurizio"]
[Black "Pichierri, Gianmatteo"]
[Result "1-0"]
[WhiteElo "2113"]
[BlackElo "1539"]
[PlyCount "91"]
[EventDate "2005.12.10"]
[EventType "swiss"]
[EventRounds "9"]
[EventCountry "ITA"]
[SourceTitle "EXT 2008"]
[Source "ChessBase"]
[SourceDate "2007.11.25"]
[SourceVersion "1"]
[SourceVersionDate "2007.11.25"]
[SourceQuality "1"]

1. e4 e5 2. Nf3 Nc6 3. d4 exd4 4. Nxd4 Bc5 5. Be3 Bxd4 6. Bxd4 Nxd4 7. Qxd4 Qf6 8. c3 Qxd4 9. cxd4 Ne7 10. Nc3 a6 11. Be2 0-0 12. 0-0 d6 13. Rac1 Bd7 14. f4 Rac8 15. Rfd1 b5 16. Bf3 b4 17. Ne2 Bb5 18. d5 Bxe2 19. Bxe2 a5 20. Ba6 Ra8 21. Bb7 Ra7 22. Rxc7 Rb8 23. Rxe7 Raxb7 24. Rxb7 Rxb7 25. Rc1 Kf8 26. Kf2 Ke7 27. Ke3 Kd7 28. Kd4 f6 29. g4 Rb8 30. h4 h6 31. Rc6 Rb5 32. h5 a4 33. Kc4 Rb7 34. Ra6 b3 35. Rxa4 bxa2 36. Rxa2 Ke7 37. b4 Kd7 38. b5 Kc7 39. Kb4 Kb6 40. Ra6+ Kc7 41. Rc6+ Kd7 42. b6 Rb8 43. Kb5 Ke7 44. Rc7+ Kf8 45. b7 Ke8 46. Rc8+ 1-0